000 00315nam a22001457a 4500
008 210528b ||||| |||| 00| 0 eng d
020 _a9780618399437
041 _aeng
080 _28th
_a541
082 _a541
100 _a12
101 _aKIM
245 _aGeneral Chemistry
_cEbbing Gammon
942 _2udc
_cBK
999 _c57762
_d57762